书目信息 |
| 题名: |
世界广播电视发展史
|
|
| 作者: | 毕一鸣 著 | |
| 分册: | ||
| 出版信息: | 北京 中国广播电视出版社 2010 |
|
| 页数: | 364页 | |
| 开本: | 23cm | |
| 丛书名: | 新闻与传播学应用系列丛书 | |
| 单 册: | ||
| 中图分类: | G229.19 | |
| 科图分类: | ||
| 主题词: | 广播电视--新闻事业史--世界 , 广播电视 , 新闻事业史 | |
| 电子资源: | ||
| ISBN: | 978-7-5043-6181-3 | |
| 000 | 00913oam2 2200277 45 | |
| 001 | 1132104281 | |
| 005 | 20110314084744.93 | |
| 010 | @a978-7-5043-6181-3@dCNY43.00 | |
| 100 | @a20110122d2010 ekmy0chiy0120 ea | |
| 101 | 0 | @achi |
| 102 | @aCN@b110000 | |
| 105 | @ay z 000yy | |
| 106 | @ar | |
| 200 | 1 | @a世界广播电视发展史@AShi Jie Guang Bo Dian Shi Fa Zhan Shi@e视听传媒的历史变迁@EShi Ting Chuan Mei De Li Shi Bian Qian@f毕一鸣著@FBi Yi Ming Zhu |
| 210 | @a北京@c中国广播电视出版社@d2010 | |
| 215 | @a364页@d23cm | |
| 225 | 2 | @a新闻与传播学应用系列丛书 |
| 461 | 0 | @12001 @a新闻与传播学应用系列丛书 |
| 517 | 1 | @a视听传媒的历史变迁@AShi Ting Chuan Mei De Li Shi Bian Qian |
| 606 | 0 | @a广播电视@x新闻事业史@y世界 |
| 606 | 0 | @a广播电视 |
| 606 | 0 | @a新闻事业史 |
| 690 | @aG229.19@v4 | |
| 701 | 0 | @a毕一鸣@ABi Yi Ming@4著 |
| 801 | 0 | @aCN@bTANGWEI@c20110314 |
| 905 | @b0532664-68@dG229.19@e130@f5 | |
| 世界广播电视发展史:视听传媒的历史变迁/毕一鸣著.-北京:中国广播电视出版社,2010 |
| 364页;23cm.-(新闻与传播学应用系列丛书) |
| ISBN 978-7-5043-6181-3:CNY43.00 |
| ● |
| 相关链接 |
|
|
|
|
正题名:世界广播电视发展史
索取号:G229.19/130
 
预约/预借
| 序号 | 登录号 | 条形码 | 馆藏地/架位号 | 状态 | 备注 |
| 1 | 0532664 | 205326645 | 第一样本阅览室/ [索取号:G229.19/130] | 在馆 | |
| 2 | 0532665 | 205326654 | 密集书库-文学院/ [索取号:G229.19/130] | 在馆 | |
| 3 | 0532666 | 205326663 | 第四借阅区/ [索取号:G229.19/130] | 在馆 | |
| 4 | 0532667 | 205326672 | 第四借阅区/ [索取号:G229.19/130] | 在馆 | |
| 5 | 0532668 | 205326681 | 第四借阅区/ [索取号:G229.19/130] | 在馆 |